East of England - Biggest Places - Statistics

General Stats
  • This quiz has been taken 47 times
  • The average score is 40 of 100
Answer Stats
# Place Name County Population (2021) % Correct
5 Cambridge Cambridgeshire 152,725
100%
2 Norwich Norfolk 200,752
100%
6 Ipswich Suffolk 151,562
93%
1 Luton Bedfordshire 233,498
93%
8 Colchester Essex 130,248
87%
11 Bedford Bedfordshire 97,241
80%
10 Chelmsford Essex 110,606
80%
3 Peterborough Cambridgeshire 190,584
77%
27 Bury St. Edmunds Suffolk 41,291
73%
4 Southend-on-Sea Essex 182,287
73%
18 Clacton on Sea Essex 53,208
70%
41 Great Yarmouth Norfolk 28,982
70%
64 Harwich Essex 20,220
67%
21 King's Lynn Norfolk 47,610
67%
16 Lowestoft Suffolk 71,327
67%
7 Watford Hertfordshire 131,326
67%
9 Basildon Essex 115,964
63%
17 Brentwood Essex 55,358
60%
14 Harlow Essex 93,566
60%
24 Braintree Essex 43,215
57%
66 Ely Cambridgeshire 19,189
57%
53 Sudbury Suffolk 23,912
57%
52 Felixstowe Suffolk 24,213
53%
12 Hemel Hempstead Hertfordshire 95,961
53%
42 Hertford Hertfordshire 28,982
53%
15 St Albans Hertfordshire 75,537
53%
50 Thetford Norfolk 25,492
53%
32 Hitchin Hertfordshire 35,224
50%
13 Stevenage Hertfordshire 94,456
50%
19 Welwyn Garden City Hertfordshire 51,524
50%
34 Billericay Essex 34,072
47%
22 Grays Essex 44,341
47%
25 Leighton Buzzard Bedfordshire 42,727
47%
61 March Cambridgeshire 21,354
47%
59 Biggleswade Bedfordshire 21,961
43%
26 Hatfield Hertfordshire 41,555
43%
37 St Neots Cambridgeshire 33,261
43%
46 Wisbech Cambridgeshire 26,785
43%
31 Canvey Island Essex 38,003
40%
47 Haverhill Suffolk 26,710
40%
49 Huntingdon Cambridgeshire 25,600
40%
56 Maldon Essex 23,384
40%
67 Newmarket Suffolk 18,864
40%
73 Saffron Walden Essex 16,613
40%
95 Attleborough Norfolk 11,232
37%
28 Bishops Stortford Hertfordshire 40,909
37%
63 Dereham Norfolk 20,785
37%
33 Dunstable Bedfordshire 34,487
37%
35 Letchworth Hertfordshire 33,986
37%
38 Rayleigh Essex 32,393
37%
45 Witham Essex 27,389
37%
74 Wymondham Norfolk 16,335
37%
30 Borehamwood Hertfordshire 39,765
33%
94 Downham Market Norfolk 11,342
33%
82 Flitwick Bedfordshire 13,663
33%
51 Gorleston on Sea Norfolk 24,481
33%
39 Harpenden Hertfordshire 30,966
33%
55 Potters Bar Hertfordshire 23,398
33%
40 Stanford le Hope Essex 29,521
33%
72 St Ives Cambridgeshire 16,815
33%
96 Cambourne Cambridgeshire 11,078
30%
23 Cheshunt Hertfordshire 43,680
30%
78 Kesgrave Suffolk 14,948
30%
48 Rickmansworth Hertfordshire 26,291
30%
85 Rochford Essex 12,616
30%
71 Royston Hertfordshire 17,448
30%
97 Chatteris Cambridgeshire 11,011
27%
98 Epping Essex 10,700
27%
83 North Walsham Norfolk 12,829
27%
93 Sandy Bedfordshire 11,370
27%
79 Tilbury Essex 14,184
27%
88 Tring Hertfordshire 11,961
27%
65 Ware Hertfordshire 19,622
27%
44 Wickford Essex 27,524
27%
100 Baldock Hertfordshire 10,614
23%
36 Loughton Essex 33,338
23%
77 Taverham Norfolk 14,989
23%
91 Bradwell Norfolk 11,628
20%
75 South Woodham Ferrers Essex 16,021
20%
20 Thundersley / South Benfleet Essex 49,881
20%
92 Watton Norfolk 11,543
20%
81 Whittlesey Cambridgeshire 13,823
20%
69 Waltham Abbey Essex 18,647
17%
89 Waltham Cross Hertfordshire 11,947
17%
43 Bushey Hertfordshire 28,418
13%
87 Chigwell Essex 12,244
13%
84 Chorleywood Hertfordshire 12,625
13%
80 Halstead Essex 13,907
13%
76 Hockley Essex 15,427
13%
29 Hoddesdon Hertfordshire 40,630
13%
57 Kempston Bedfordshire 22,781
13%
58 South Ockendon Essex 22,442
13%
62 Berkhamstead Hertfordshire 21,245
10%
68 Houghton Regis Bedfordshire 18,818
10%
60 Stomarket Suffolk 21,534
10%
70 Abbbots Langley Hertfordshire 18,204
7%
90 Buckhurst Hill Essex 11,749
7%
99 Chadwell St. Mary Essex 10,685
7%
86 Stotfold Bedfordshire 12,308
7%
54 West Thurrock Essex 23,579
3%
No matching quizzes found
Score Distribution
Percent of People with Each Score
Percentile by Number Answered
Your Score History
You have not taken this quiz